| 000 | 00645nam a2200181 i 4500 | ||
|---|---|---|---|
| 001 | 75359 | ||
| 003 | ES-MaACL | ||
| 005 | 20230906172425.0 | ||
| 007 | t| | ||
| 008 | 040923s1910 xxu ||||1| eng d | ||
| 100 | 1 |
_aGregory, Herbert Ernest. _959917 |
|
| 245 | 1 | 0 |
_aPhysical and commercial geography _b: a study of certain controlling conditions of commerce / _cby Herbert Ernest Gregory, Albert Galloway Keller and Avard Longley Bishop. |
| 260 |
_aBoston : _bGinn and Company, _c1910. |
||
| 300 |
_aVI, 469 p. ; _c23 cm. |
||
| 700 | 1 |
_aKeller, Albert Galloway. _967755 |
|
| 700 | 1 |
_aBishop, Avard Longley. _929003 |
|
| 852 |
_aES-MaACL _jA-2352 |
||
| 999 |
_c75359 _d75359 |
||